000 00533nam a2200193Ia 4500
005 20250508151554.0
008 008 250505s9999 xx 000 0 eng d
020 _a978-81-265-3114-1
037 _aTextual
040 _aFEDL
_beng
_cFEDL
041 _aeng
_2eng
084 _a707, BAR
_qFEDL
100 _aBarkan Manuel
_9759531
245 0 _aFoundation for art education
260 _aNew York, USA
_bThe Ronald Press Company
_c1955
300 _axi,235p
942 _cTEXL
_h707, BAR
999 _c1330699
_d1330699